Films de Michel Gondry par images - Statistiques

Statistiques générales
  • Ce quiz a été pris 99 fois
  • Le résultat moyen est 3 sur 8
Statistiques - réponses
Par images Réponse % Correct
Eternal Sunshine of the Spotless Mind
88%
Le Livre des solutions
48%
L'Écume des jours
47%
The Green Hornet
41%
Soyez sympas, rembobinez
37%
La Science des rêves
25%
Microbe et Gasoil
19%
Human Nature
13%
Aucun quiz correspondant
Distribution des résultats
% des personnes avec chaque résultat
Percentile par nombre de réponses
Votre historique - résultats
Vous n’avez pas pris ce quiz